000 00740nam a2200241Ia 4500
003 OSt
005 20220925164350.0
006 a|||||r|||| 00| 0
007 ta
008 220923b |||||||| |||| 00| 0 eng d
037 _cGeneral Book
040 _aRTL
_cRTL
_beng
041 _2eng
_aeng
082 _aX:95851.2.N69t, L0
110 _aINDIA, PLANNING COMMISSION UNEMPLOYMENT ESTIMATES (Committee of experts on-)
_9229860
245 0 _aReport
260 _a-
_b-
_c1970
300 _axi, 203p
_ccm.
500 _aApp.: 33-203p
700 _aINDIA, PLANNING COMMISSION UNEMPLOYMENT ESTIMATES (Committee of experts on-)
_9229861
942 _hX:95851.2.N69t, L0
_cGB
_2CC
999 _c474900
_d474900